Регионална библиотека "Любен Каравелов" - Русе

Сидхарта (Запис номер 24381)

MARC детайли
000 -Лидер
Контролно поле с фиксирана дължина 00793nam a2200253 c 4500
003 - Код на организацията, давaща контролен номер
Контролно поле BLK
005 - Дата и час на последна редакция
Контролно поле 20180420215926.0
008 - Елементи от данни с фиксирана дължина
fixed length control field 180413b bul|||||r ||||||| ||bul||
010 ## - Наследен системен номер
LC control number KNG00026893000
020 ## - Международен стандартен номер на книга ISBN
Международен стандартен номер на книга ISBN 954-428-172-Х
-- издат.: Хемус
040 ## - Източник на каталожния запис
Идентификатор на билиотеката - собственик на записа BLK
080 ## - УДК
Текстов определител УДК Немска литература
УДК код - определител по УДК 821.112.2
УДК определител -32
УДК - код + определител 821.112.2-32
100 1# - Редна дума - Автор
Автор Хесе, Херман
Авторска отговорност първи автор
R(LIN) 253375
139 ## - Редно поле
Редна дума Хесе, Херман
Авторски знак Хес - Х 45
245 10 - Сведения за заглавието
Заглавие Сидхарта
Подзаглавни данни Инд. повест
Редно поле (дума) Херман Хесе.
260 ## - Област на издателските данни
-- София
Име на издателя, разпространителя и проч. Хемус
Година на издаване 1998
300 ## - Физическа характеристика
Страници 135 с.
Размери/Мащаб 20 см
380 ## - Жанр
Жанр Худож. лит.
852 ## - Местоположение
Форматна сигнатура Цб 197919
856 4# - Електронен адрес и достъп
Електронен формат pdf - файл
Път до файла /url/
856 4# - Електронен адрес и достъп
Електронен формат pdf - файл
Път до файла /url/
942 ## - АРТИКУЛИ
Вид на библиотечния материал Книги
Скрит в OPAC Не
944 ## - СЪЗДАВАНЕ И РЕДАКЦИЯ на ЗАПИСА
Създаване/Редакция Създаване
Дата на регистрацията/редакция 15.01.2003
Служител, извършил регистрацията/редакцията Валя_Йорданова
944 ## - СЪЗДАВАНЕ И РЕДАКЦИЯ на ЗАПИСА
Създаване/Редакция Редакция
Дата на регистрацията/редакция 22.03.2011
Служител, извършил регистрацията/редакцията
999 ## - СИСТЕМНИ КОНТРОЛНИ НОМЕРА
Koha biblionumber 24381
Koha biblioitemnumber 24381
Наличности
Код за отписване Код за изгубен артикул Източник на класификационната схема Код за повреда Коз за рестрикции Код за отдаване Артикулен № Име на библиотеката - собственик Име на библиотеката, в която се намира в момента Статус (Текущо местоположение) Дата на вписване в системата Местоположение - отдел Цена в лева Инвентарен номер Систематично азбучна сигнатура Баркод Номер на екземпляра Цена в евро Служебен тип на артикула
Изтеглен Не е изгубен Universal Decimal Classification Не е повреден без рестрикции заемане за дома 40264 Регионална библиотека "Любен Каравелов" Русе Регионална библиотека "Любен Каравелов" Русе Заемна - подръчен фонд 2001-01-01 Заемна - подръчен фонд 2.80 642978 П 830-32/Х 45 642978 1 1.43 Книги
Изтеглен Не е изгубен Universal Decimal Classification Не е повреден без рестрикции заемане за дома 40265 Регионална библиотека "Любен Каравелов" Русе Регионална библиотека "Любен Каравелов" Русе Заемна - подръчен фонд 2001-01-01 Заемна - подръчен фонд 2.80 642979 П 830-32/Х 45 642979 2 1.43 Книги
  Не е изгубен Universal Decimal Classification Не е повреден без рестрикции ползва се в читалня 40266 Регионална библиотека "Любен Каравелов" Русе Регионална библиотека "Любен Каравелов" Русе Хранилище 2001-01-01 Хранилище 2.80 647241 Цб 197919 120000647241 3 1.43 Книги
Vip Innovations Ltd, Rousse, Bulgaria 2025